Election of 1840 Trivia - Statistics

General Stats
  • This quiz has been taken 20 times
  • The average score is 14 of 18
Answer Stats
Hint Answer % Correct
Their party Democrat
100%
The Victor was the oldest president until ______ ______ took office in 1980 Ronald Reagan
100%
This was the last time a major party failed too pick a ____ _________ Vice President
100%
Victor William Henry Harrison
100%
Their running mate John Tyler
93%
Their party Whig
93%
Opponent Martin Van Buren
86%
Their home state New York
86%
Their home state Ohio
86%
The victor had the shortest term of any president he died just 30 days into his term what was his cause of death? Pneumonia
86%
Their famous campaign slogan Tippecanoe and Tyler too
79%
...and what president is in second place for this record James A Garfield
71%
Liberty
64%
What event drastically harmed the loser's campaign Panic of 1837
64%
Major third parties Anti-Masonic
50%
State with the smallest margin (0.12%) Pennsylvania
50%
State with the largest margin (28%) Vermont
50%
Didn't have a running mate none
7%
No matching quizzes found
Score Distribution
Percent of People with Each Score
Percentile by Number Answered
Your Score History
You have not taken this quiz